00526nam a22001817a 450000500170000001000150001702000260003203500140005803700090007208200080008110000230008924500490011226000380016127000960019930000230029549000060031850000200032420250603145703.0 aENG-145139 a9788195742806c999.00 aEN-128671 bDBAD a954 aHegde, Parameshwar aAncient European History/cParameshwar Hegde aGhaziabadbKANHYA PUBLISHERc2022 aGround Floor ,260 Shaktikhand III IndirapurambDelhi NCRe201010mkanhyapublisher@gmail.com a321 p.c22 cm.(Pb) v  aAncient History